000
00296nam a22001337a 4500
008
260223b ||||| |||| 00| 0 eng d
020
_a
9951040433
041
_a
eng
080
_a
2.1
100
_a
20.1
101
_a
roman
245
_a
Tales From old Shkodra
_c
Robert Elisie
942
_2
lcc
_c
BK
999
_c
60841
_d
60841